[Event "Mar del Plata op 39th"]
[Site "Mar del Plata"]
[Date "2008.03.19"]
[Round "6"]
[White "Lopez, Diego"]
[Black "Corsi Ferrari, Nestor"]
[Result "0-1"]
[WhiteElo "2129"]
[BlackElo "2272"]
[PlyCount "74"]
[EventDate "2008.03.15"]
[EventType "swiss"]
[EventRounds "9"]
[EventCountry "ARG"]
[SourceTitle "CBM 123 Extra"]
[Source "ChessBase"]
[SourceDate "2008.05.06"]
[SourceVersion "1"]
[SourceVersionDate "2008.05.06"]
[SourceQuality "1"]

1. d4 d5 2. c4 c6 3. Nf3 e6 4. Nc3 dxc4 5. a4 Bb4 6. e3 b5 7. Bd2 Bb7 8. b3 a5 9. bxc4 Bxc3 10. Bxc3 b4 11. Bb2 Nf6 12. c5 Qd5 13. Ne5 Ba6 14. f3 Bxf1 15. Kxf1 0-0 16. Kf2 Qd8 17. Qc2 Qc7 18. e4 Nbd7 19. Nc4 Rfb8 20. Qb3 e5 21. Nd6 Rf8 22. dxe5 Nxc5 23. Qc4 Ne6 24. Rhd1 Rfd8 25. Nxf7 Nxe4+ 26. Qxe4 Qxf7 27. Qxc6 Rac8 28. Rxd8+ Rxd8 29. Ke1 Nf4 30. Rd1 Nxg2+ 31. Ke2 Nf4+ 32. Ke1 Rxd1+ 33. Kxd1 Qb3+ 34. Qc2 Qxf3+ 35. Kc1 Qf1+ 36. Kd2 Qe2+ 37. Kc1 Qe1+ 0-1

[Event "Mar del Plata op 39th"]
[Site "Mar del Plata"]
[Date "2008.03.17"]
[Round "4"]
[White "Lo Presti, Roberto"]
[Black "Corsi Ferrari, Nestor"]
[Result "1-0"]
[WhiteElo "2148"]
[BlackElo "2272"]
[PlyCount "85"]
[EventDate "2008.03.15"]
[EventType "swiss"]
[EventRounds "9"]
[EventCountry "ARG"]
[SourceTitle "CBM 123 Extra"]
[Source "ChessBase"]
[SourceDate "2008.05.06"]
[SourceVersion "1"]
[SourceVersionDate "2008.05.06"]
[SourceQuality "1"]

1. e4 e6 2. d4 d5 3. Nc3 Bb4 4. e5 b6 5. Bd3 Bf8 6. Nf3 Ba6 7. 0-0 Nh6 8. Bxh6 gxh6 9. Bxa6 Nxa6 10. Qe2 Nb8 11. Na4 Qd7 12. b3 c5 13. dxc5 bxc5 14. c4 d4 15. Nb2 Qc6 16. Nd2 Nd7 17. f4 Rg8 18. Ne4 Be7 19. Nd3 f5 20. exf6 Nxf6 21. Nxf6+ Bxf6 22. Rae1 Kf7 23. g3 Rg6 24. f5 exf5 25. Rxf5 Kg7 26. Rxc5 Qb6 27. Rb5 Qc7 28. Qe4 Rb8 29. Nf4 Rb6 30. Nxg6 Rxb5 31. cxb5 hxg6 32. Qc6 Qf7 33. Rf1 Qe7 34. Qxf6+ Qxf6 35. Rxf6 Kxf6 36. Kf2 Ke5 37. Ke2 Ke4 38. a4 d3+ 39. Kd2 Kd4 40. a5 Kc5 41. b6 axb6 42. axb6 Kxb6 43. Kxd3 1-0

[Event "Mar del Plata-ch"]
[Site "Mar del Plata"]
[Date "1999.12.10"]
[Round "14"]
[White "Fernandez, Jorge Daniel"]
[Black "Corsi Ferrari, Nestor"]
[Result "0-1"]
[WhiteElo "2180"]
[BlackElo "2330"]
[PlyCount "90"]
[EventDate "1999.11.18"]
[EventType "tourn"]
[EventRounds "14"]
[EventCountry "ARG"]
[EventCategory "2"]
[SourceTitle "CBM 073 Extra"]
[Source "ChessBase"]
[SourceDate "2000.01.11"]
[SourceVersion "1"]
[SourceVersionDate "2000.01.11"]
[SourceQuality "1"]

1. d4 Nf6 2. c4 g6 3. g3 Bg7 4. Bg2 0-0 5. Nc3 d6 6. Nf3 Nbd7 7. 0-0 e5 8. h3 Ne8 9. Bg5 f6 10. Be3 Qe7 11. Nd5 Qf7 12. dxe5 dxe5 13. Bd2 c6 14. Bb4 e4 15. Ne7+ Kh8 16. Nd2 c5 17. Nxc8 Rxc8 18. Bc3 f5 19. Qc1 Ne5 20. f4 Nc6 21. e3 Nf6 22. Rd1 Rfd8 23. a3 Nd4 24. Kf2 Nh5 25. b4 Nxg3 26. Bxd4 cxd4 27. Kxg3 dxe3 28. Nb3 e2 29. Rd2 Bxa1 30. Qxa1+ Qg7 31. Rxd8+ Rxd8 32. Qxg7+ Kxg7 33. Kf2 Rd3 34. Nc1 Rxa3 35. Nxe2 Ra4 36. b5 Rxc4 37. Bf1 a5 38. bxa6 bxa6 39. Ke3 a5 40. Kd2 a4 41. Nc3 e3+ 42. Kd3 Rxf4 43. Be2 Rh4 44. Kxe3 Rxh3+ 45. Kd2 a3 0-1

[Event "Mar del Plata-ch"]
[Site "Mar del Plata"]
[Date "1999.12.07"]
[Round "12"]
[White "Cristobal, Ruben"]
[Black "Corsi Ferrari, Nestor"]
[Result "1-0"]
[WhiteElo "2260"]
[BlackElo "2330"]
[PlyCount "115"]
[EventDate "1999.11.18"]
[EventType "tourn"]
[EventRounds "14"]
[EventCountry "ARG"]
[EventCategory "2"]
[SourceTitle "CBM 073 Extra"]
[Source "ChessBase"]
[SourceDate "2000.01.11"]
[SourceVersion "1"]
[SourceVersionDate "2000.01.11"]
[SourceQuality "1"]

1. Nf3 Nf6 2. c4 g6 3. b3 Bg7 4. Bb2 0-0 5. e3 c6 6. Be2 d5 7. 0-0 Re8 8. d4 Ne4 9. Nbd2 Nd7 10. cxd5 cxd5 11. Nxe4 dxe4 12. Ng5 Nf6 13. Bc4 e6 14. Qc2 Ng4 15. Nxe4 Qc7 16. g3 Bd7 17. Qe2 Bc6 18. Qxg4 f5 19. Nf6+ Bxf6 20. Qe2 Qd7 21. Rfd1 b5 22. d5 exd5 23. Bxf6 bxc4 24. bxc4 Qe6 25. Bb2 dxc4 26. Rd4 Rab8 27. Rad1 Ba4 28. Rc1 Bb5 29. Qd2 Rb7 30. Rd6 Rd7 31. Rxd7 Qxd7 32. Qc3 Re4 33. Qh8+ Kf7 34. Qxh7+ Ke8 35. Qg8+ Ke7 36. Ba3+ Kf6 37. Qf8+ Ke6 38. Bb2 Qd2 39. Ba3 Qd7 40. Qg8+ Qf7 41. Qb8 Qd7 42. Bc5 a6 43. Bd4 Kf7 44. a4 Re8 45. Qb6 Re6 46. Qb8 Re8 47. Qf4 Bxa4 48. Rxc4 Bc6 49. Qh6 Qd5 50. Qg7+ Ke6 51. Qxg6+ Kd7 52. Rxc6 Qxc6 53. Qxf5+ Qe6 54. Qd3 Rc8 55. Kg2 Qd5+ 56. e4 Qc4 57. Qe3 a5 58. h4 1-0

[Event "Mar del Plata-ch"]
[Site "Mar del Plata"]
[Date "1999.12.06"]
[Round "11"]
[White "Corsi Ferrari, Nestor"]
[Black "Braga, Fernando Alberto"]
[Result "0-1"]
[WhiteElo "2330"]
[BlackElo "2461"]
[PlyCount "80"]
[EventDate "1999.11.18"]
[EventType "tourn"]
[EventRounds "14"]
[EventCountry "ARG"]
[EventCategory "2"]
[SourceTitle "CBM 073 Extra"]
[Source "ChessBase"]
[SourceDate "2000.01.11"]
[SourceVersion "1"]
[SourceVersionDate "2000.01.11"]
[SourceQuality "1"]

1. d4 Nf6 2. Bg5 Ne4 3. Bf4 d5 4. Nd2 Bf5 5. f3 Nf6 6. g4 Bg6 7. h4 h5 8. g5 Nfd7 9. c3 e6 10. Qb3 Nb6 11. e4 Be7 12. Ne2 c5 13. a4 c4 14. Qd1 Nc6 15. a5 Nd7 16. Qa4 0-0 17. a6 Nb6 18. Qb5 Qd7 19. exd5 Nb4 20. Qxd7 Nd3+ 21. Kd1 Nxb2+ 22. Kc1 Nd3+ 23. Kb1 Nxd7 24. axb7 Rae8 25. Ka2 exd5 26. Bh3 Nb6 27. Bc7 Rb8 28. Bxb8 Rxb8 29. f4 Nf2 30. f5 Bh7 31. Raf1 Nxh1 32. Rxh1 Rxb7 33. Rb1 Bd6 34. Ng1 Re7 35. Ngf3 Na4 36. Rg1 Nxc3+ 37. Kb2 Ne2 38. g6 c3+ 39. Kc2 Nxg1 40. gxh7+ Kxh7 0-1

[Event "Mar del Plata-ch"]
[Site "Mar del Plata"]
[Date "1999.11.30"]
[Round "8"]
[White "Corsi Ferrari, Nestor"]
[Black "Rosito, Jorge"]
[Result "0-1"]
[WhiteElo "2330"]
[BlackElo "2379"]
[PlyCount "124"]
[EventDate "1999.11.18"]
[EventType "tourn"]
[EventRounds "14"]
[EventCountry "ARG"]
[EventCategory "2"]
[SourceTitle "CBM 073 Extra"]
[Source "ChessBase"]
[SourceDate "2000.01.11"]
[SourceVersion "1"]
[SourceVersionDate "2000.01.11"]
[SourceQuality "1"]

1. e4 c5 2. d3 Nc6 3. g3 g6 4. Bg2 Bg7 5. f4 d6 6. Nf3 e6 7. c3 Nge7 8. 0-0 0-0 9. Be3 b6 10. Bf2 Ba6 11. Re1 Qd7 12. Qe2 Rfc8 13. Nbd2 Rab8 14. Nf1 d5 15. g4 dxe4 16. dxe4 Qd3 17. Qxd3 Bxd3 18. Bg3 b5 19. f5 e5 20. Bh4 f6 21. Re3 Bc4 22. N3d2 Bf7 23. Rf3 g5 24. Bf2 c4 25. h4 h6 26. hxg5 hxg5 27. a4 b4 28. Bc5 Bf8 29. Bd6 bxc3 30. bxc3 Rb2 31. Ba3 Rc2 32. Nb1 Na5 33. Ne3 Re2 34. Bf1 Nb3 35. Bxe2 Nxa1 36. Nd2 Nb3 37. Ndxc4 Nc6 38. Bxf8 Rxf8 39. Nd5 Kg7 40. Rf1 Nc5 41. Nd6 Nxe4 42. Nxf7 Rxf7 43. Bb5 Na5 44. Kg2 Nd6 45. Nb4 Nac4 46. Re1 Nxb5 47. axb5 Nd6 48. Nc6 Nxb5 49. Nd8 Rd7 50. Ne6+ Kg8 51. c4 Nd4 52. Rd1 Kf7 53. Nc5 Rc7 54. Ne4 a5 55. Rh1 Kg7 56. c5 Nb3 57. Rh3 Nxc5 58. Rc3 Na6 59. Ra3 Rc4 60. Kf3 a4 61. Ke3 Nb4 62. Nf2 Nc2+ 0-1